Introducción a la concepción ecomunista de la TV en el socialismo del siglo XXI /
Mucho se ha escrito acerca de la estructura, funcionamiento y papel de los medios de comunicación (incluyendo ala TV) en la sociedad capitalista, desde perspectivas predominantemente filosóficas, sociológicas, psicológicas, económicas y/o técnicas. En este documento se pretende continuar a delinear...
Bewaard in:
| Hoofdauteur: | |
|---|---|
| Formaat: | Texto |
| Taal: | Spanish |
| Onderwerpen: | |
| Tags: |
Voeg label toe
Geen labels, Wees de eerste die dit record labelt!
|
MARC
| LEADER | 00000 a a2200000 04500 | ||
|---|---|---|---|
| 001 | 47155 | ||
| 003 | cru IIS | ||
| 005 | 20220314174806.0 | ||
| 008 | 220314b |||||||| |||| 00| 0 spa d | ||
| 040 | |c CRAI | ||
| 100 | |a López Velasco, Sirio | ||
| 245 | |a Introducción a la concepción ecomunista de la TV en el socialismo del siglo XXI / |c Sirio López Velasco | ||
| 520 | |a Mucho se ha escrito acerca de la estructura, funcionamiento y papel de los medios de comunicación (incluyendo ala TV) en la sociedad capitalista, desde perspectivas predominantemente filosóficas, sociológicas, psicológicas, económicas y/o técnicas. En este documento se pretende continuar a delinear el perfil que debe tenerla TVen la sociedad socialista del siglo XXI. Ahora bien, ello nos obliga a aclarar previamente nuestra concepción del socialismo del siglo XXI, del ecomunitarismo de la ética y del papel que los comunicadores están llamados a desempeñar en la nueva sociedad naciente. RAR 18/02/22 | ||
| 650 | 0 | |2 OCDE |9 4828 |a MEDIOS DE COMUNICACION | |
| 650 | 0 | |2 OCDE |9 64 |a CAPITALISMO | |
| 650 | 0 | |2 OCDE |9 2097 |a SOCIALISMO | |
| 773 | |g número134, (2012), páginas 639-676 | ||
| 942 | |2 ddc |c PP | ||
| 999 | |c 22535 |d 22535 | ||
